[Event "Russia Cup Final"]
[Site "Serpuhov RUS"]
[Date "2008.11.09"]
[Round "3.1"]
[White "Timofeev,Arty"]
[Black "Chadaev,N"]
[Result "1/2-1/2"]
[WhiteElo "2670"]
[BlackElo "2567"]

1.d4 d5 2.c4 c6 3.Nf3 Nf6 4.Nc3 dxc4 5.a4 Bf5 6.e3 e6 7.Bxc4 Bb4 8.O-O O-O
9.Nh4 Nbd7 10.Nxf5 exf5 11.f3 Rc8 12.Bd3 g6 13.e4 c5 14.Bg5 cxd4 15.Nd5 Be7
16.Nxe7+ Qxe7 17.exf5 Qd6 18.Rf2 Ne5 19.fxg6 hxg6 20.Bf1 Nc6 21.Qd2 Nd5 22.Re1 Qb4
23.Bb5 Rfe8 24.Re4 Qxd2 25.Rxd2 Rxe4 26.fxe4 Ndb4 27.Bf6 a6 28.Bxc6 Nxc6
29.Rd3 Kf8 30.g4 Ke8 31.h4 Kd7 32.h5 gxh5 33.gxh5 Rg8+ 34.Kf2 Ke6 35.Bxd4 Rg5
36.h6 Nxd4 37.Rxd4 Rh5 38.Rb4 b5 39.axb5 axb5 40.Ke3 Kd6 41.Kd4 Kc6 42.Rb3 Rxh6
43.Rc3+ Kd7 44.Rc5 Rb6 45.Rd5+ Kc7 46.b4 f6 47.Ke3 Rd6 48.Rxb5 Rd1 49.Rf5 Rb1
50.b5 Kd7 51.Rd5+ Ke6 52.Kd4 Rb4+ 53.Kd3 Kf7 54.Rc5 Ke6 55.Rc6+ Kd7 56.Rc5 Ke6
57.Ke3 Kd6 58.Rd5+ Ke6 59.Kf4 Rb1 60.Rc5 Kd6 61.Rd5+ Ke6 62.Ke3 Rb4 63.Kd3 Kf7
64.Rd7+ Ke6 65.Rb7 Kd6 66.Ke3 Ke5 67.Kd3 Kd6 68.b6 Kc6 69.Rc7+ Kxb6 70.Rc1 f5
71.exf5 Rf4 72.Ke3 Rxf5  1/2-1/2

[Event "Autumn"]
[Site "Nea Filadelfia GRE"]
[Date "2008.11.13"]
[Round "8"]
[White "Konistis,L"]
[Black "Delithanasis,D"]
[Result "0-1"]
[WhiteElo "2035"]
[BlackElo "2251"]

1.d4 d5 2.Nf3 Nf6 3.c4 c6 4.Nc3 dxc4 5.a4 Bf5 6.e3 e6 7.Bxc4 Bb4 8.O-O O-O
9.Qb3 Qb6 10.Nh4 Nbd7 11.Nxf5 exf5 12.Rd1 g6 13.Bd2 Kg7 14.Qc2 Rae8 15.Ne2 Bxd2
16.Rxd2 Ne4 17.Rd3 Ndf6 18.h3 h5 19.a5 Qd8 20.b4 a6 21.Nc3 Qd6 22.d5 Qxb4
23.Ra4 Qc5 24.Qb2 Nd6 25.Ba2 Kh7 26.dxc6 Qxc6 27.Rad4 Nde4 28.Nxe4 Nxe4 29.Bd5 Qc7
30.Qxb7 Qxb7 31.Bxb7 Nc5 32.Bc6 Nxd3 33.Bxe8 Nxf2 34.Bxf7 Nxh3+ 35.gxh3 Rxf7
36.Rd6 Ra7 37.h4 Re7 38.Kf2 Re4 39.Rxa6 Rxh4 40.Rd6 Ra4 41.a6 Kh6 42.Kf3 Kg5
43.Rb6 Ra3 44.Rc6 h4 45.Rb6 h3 46.Rc6 Kh5 47.Rf6 Ra2 48.Rf8 g5 49.a7 Rxa7
50.Rxf5 Kh4 51.Rf8 g4+ 52.Kf4 Rh7  0-1

[Event "38th Olympiad"]
[Site "Dresden GER"]
[Date "2008.11.16"]
[Round "4"]
[White "Homrana,M"]
[Black "Russell,MKA"]
[Result "0-1"]
[WhiteElo "2001"]
[BlackElo "2230"]

1.d4 d5 2.Nf3 Nf6 3.c4 c6 4.Nc3 dxc4 5.a4 Bf5 6.e3 e6 7.Bxc4 Bb4 8.O-O O-O
9.Qe2 Bg4 10.Rd1 Qa5 11.e4 Qh5 12.e5 Bxf3 13.Qxf3 Qxf3 14.gxf3 Nd5 15.Ne4 Nd7
16.a5 h6 17.Bd2 Be7 18.a6 b5 19.Bf1 Rab8 20.Rdc1 Rfc8 21.Rc2 Rb6 22.Rac1 Nb4
23.Bxb4 Bxb4 24.f4 Nb8 25.f5 exf5 26.Ng3 f4 27.Nf5 Rd8 28.Bg2 Kh7 29.Bxc6 g6
30.Nd6 Bxd6 31.exd6 Rxd6 32.Be8 Nxa6 33.Rc6 Rbxc6 34.Rxc6 Rxc6 35.Bxc6 Nc7
36.d5 Kg7 37.d6 Ne6 38.Bxb5 Kf6 39.Bc4 g5 40.Kg2 Nd8 41.Kf3 Ke5 42.d7 f5
43.Ke2 g4 44.Kd2 h5 45.Ke2 f3+ 46.Kf1 f4 47.h4 Kd6 48.Bd3 Kxd7 49.Bg6 Ke6
50.Bxh5 Kf5 51.Be8 g3 52.Bd7+ Ne6 53.fxg3 fxg3 54.h5 Kf6 55.Bc6 f2 56.Be8 Ke5  0-1

[Event "38th Olympiad"]
[Site "Dresden GER"]
[Date "2008.11.16"]
[Round "4"]
[White "Irwanto,S"]
[Black "Gonzalez,Be CRC"]
[Result "1/2-1/2"]
[WhiteElo "2441"]
[BlackElo "2432"]

1.d4 d5 2.Nf3 Nf6 3.c4 c6 4.Nc3 dxc4 5.a4 Bf5 6.Ne5 e6 7.f3 Bb4 8.e4 Bxe4
9.fxe4 Nxe4 10.Bd2 Qxd4 11.Nxe4 Qxe4+ 12.Qe2 Bxd2+ 13.Kxd2 Qd5+ 14.Kc2 Na6
15.Nxc4 Rd8 16.Qe5 f6 17.Qxd5 cxd5 18.Na5 Rc8+ 19.Kb1 Nb4 20.Nxb7 Ke7 21.a5 Rc7
22.a6 Rhc8 23.Bb5 e5 24.Ra4 Nc2 25.Bd3 e4 26.Bxe4 dxe4 27.Rxe4+ Kf8 28.Rd1 Rc6
29.Rd2 f5 30.Rf4 g6 31.Re2 Kg7 32.g3 Kf6 33.h4 h6 34.Ra4 g5 35.hxg5+ hxg5
36.b3 Rc3 37.Kb2 Ne3 38.Nd6 R8c5 39.g4 Rc2+ 40.Rxc2 Rxc2+ 41.Ka3 fxg4 42.Ra5 Kg6
43.Ne4 Nf5 44.b4 g3 45.Nxg3 Nxg3 46.b5 Rc1 47.Kb2 Rc5 48.Kb3 Ne4 49.Kb4 Rc1
50.Ra3 Rb1+ 51.Ka4 Nd6 52.Rd3 Nxb5 53.Rd7 g4 54.Ka5 g3 55.Rd3 Rg1 56.Kxb5 g2
57.Rg3+ Kf5 58.Kc6 Rc1+ 59.Kb7 g1=Q 60.Rxg1 Rxg1 61.Kxa7 Ke6 62.Kb8 Rg8+
63.Kb7 Rg7+ 64.Kb6 Kd6 65.a7 Rg1 66.a8=Q Rb1+ 67.Ka7 Ra1+ 68.Kb8 Rxa8+ 69.Kxa8 Kd5  1/2-1/2

[Event "38th Olympiad"]
[Site "Dresden GER"]
[Date "2008.11.16"]
[Round "4"]
[White "Bindrich,F"]
[Black "Escobar Forero,A"]
[Result "1/2-1/2"]
[WhiteElo "2517"]
[BlackElo "2482"]

1.d4 d5 2.c4 c6 3.Nf3 Nf6 4.Nc3 dxc4 5.a4 Bf5 6.e3 e6 7.Bxc4 Bb4 8.O-O Nbd7
9.Qe2 Bg6 10.e4 O-O 11.Bg5 Qa5 12.e5 Nd5 13.Nxd5 cxd5 14.Bb5 Nb8 15.Nh4 a6
16.Nxg6 hxg6 17.Bd3 Nc6 18.Be3 Rfc8 19.h4 Kf8 20.h5 gxh5 21.Qxh5 g6 22.Qh8+ Ke7
23.Bg5+ Kd7 24.Qh7 Be7 25.Bf6 Qd2 26.Rfd1 Qf4 27.Rac1 Rf8 28.Bg7 Rg8 29.Bf1 Rac8
30.Bf6 Rcf8 31.Bg7 Rc8 32.Bf6 Rcf8 33.Bg7 Rc8 34.Bf6 Rcf8 35.Bg7 Rc8 36.Bf6 Rcf8  1/2-1/2

[Event "38th Olympiad"]
[Site "Dresden GER"]
[Date "2008.11.16"]
[Round "4"]
[White "Capo Vidal,U"]
[Black "Christopher,A"]
[Result "0-1"]
[WhiteElo "2340"]
[BlackElo "1679"]

1.d4 d5 2.c4 c6 3.Nf3 Nf6 4.Nc3 dxc4 5.a4 Bf5 6.e3 e6 7.Bxc4 Bb4 8.O-O O-O
9.Qe2 Bg6 10.Ne5 Nbd7 11.Nxg6 hxg6 12.Rd1 Nb6 13.Bb3 Nbd5 14.Bd2 Qb6 15.Bc2 Rad8
16.e4 Nxc3 17.bxc3 Be7 18.Rab1 Qc7 19.Be3 b6 20.c4 c5 21.d5 exd5 22.cxd5 Bd6
23.g3 Rde8 24.f3 Nd7 25.f4 f5 26.e5 Bxe5 27.fxe5 Qxe5 28.Re1 Nf6 29.Qd2 Kh7
30.Bxc5 Qxd5 31.Qxd5 Nxd5 32.Bxf8 Rxf8 33.Rbd1 Nb4 34.Bb3 Nc6 35.Bd5 Nb4
36.Rd4  0-1

[Event "38th Olympiad w"]
[Site "Dresden GER"]
[Date "2008.11.22"]
[Round "9"]
[White "Nakhbayeva,G"]
[Black "Treppendahl,T"]
[Result "1-0"]
[WhiteElo "2201"]
[BlackElo "2049"]

1.d4 d5 2.c4 c6 3.Nf3 Nf6 4.Nc3 dxc4 5.a4 Bf5 6.Ne5 e6 7.f3 Bb4 8.e4 Bxe4
9.fxe4 Nxe4 10.Bd2 Qxd4 11.Nxe4 Qxe4+ 12.Qe2 Bxd2+ 13.Kxd2 Qd5+ 14.Kc2 Na6
15.Nxc4 O-O 16.Qe5 Rfd8 17.Qxd5 cxd5 18.Nd2 Nb4+ 19.Kb3 a5 20.Bb5 Rac8 21.Rac1 e5
22.Rc3 Rxc3+ 23.bxc3 Nc6 24.Bxc6 bxc6 25.Kc2 d4 26.c4 f5 27.Rf1 g6 28.g4 d3+
29.Kc3 e4 30.Re1 Kf7 31.g5 h6 32.h4 hxg5 33.hxg5 Rh8 34.Nb3 Rh2 35.Rc1 Ke6
36.Kd4 Rh3 37.Rd1 Kd6 38.c5+ Ke6 39.Nxa5 Kd7 40.Nc4 Rg3 41.a5 Kc7 42.a6 Kb8
43.Ne5 Ka7 44.Nxc6+ Kxa6 45.Rb1 d2 46.Rb6+  1-0

[Event "TCh-BEL 2008-9"]
[Site "Belgium BEL"]
[Date "2008.11.23"]
[Round "4"]
[White "Bogoevski,J"]
[Black "Hafner,C"]
[Result "1-0"]
[WhiteElo "2285"]
[BlackElo "2118"]

1.d4 d5 2.Nf3 Nf6 3.c4 c6 4.Nc3 dxc4 5.a4 Bf5 6.e3 e6 7.Bxc4 Bb4 8.O-O Nbd7
9.Qb3 a5 10.Na2 Be7 11.Bd2 Qb6 12.Rfd1 O-O 13.Rac1 h6 14.Ne5 Qxb3 15.Bxb3 Nxe5
16.dxe5 Ne4 17.Nc3 Nc5 18.Bc4 Nd3 19.Bxd3 Bxd3 20.e4 Bb4 21.Bxh6 Bxc3 22.bxc3 Bxe4
23.Rd4 gxh6 24.Rxe4 Rfd8 25.Rg4+ Kf8 26.h3 Rd5 27.Rb1 Rb8 28.Re4 b5 29.c4 Rc5
30.f4 b4 31.Kf2 b3 32.Ke3 Rb4 33.Kd3 Rxa4 34.Rxb3 Rb4 35.Kc3 Rbb5 36.Ra3 Rb4
37.g4 Ke7 38.h4 f6 39.Ra1 fxe5 40.fxe5 Rcb5 41.cxb5 Rxe4 42.b6 Rb4 43.Rxa5 Rxb6
44.Ra7+ Kf8 45.Rh7 Rb5 46.Kd4 Rb4+ 47.Kc5 Rxg4 48.Rxh6 Kf7 49.Kxc6 Re4 50.Rh5 Rd4
51.Rh7+ Kg6 52.Rd7 Rxh4 53.Kd6 Rh1 54.Kxe6 Re1 55.Rd2 Kg7 56.Rd8 Re2 57.Rd5 Kf8
58.Rc5 Re1 59.Ra5 Re2 60.Ra8+ Kg7 61.Kd6 Kf7 62.Ra7+ Ke8 63.Ke6 Kd8 64.Ra8+ Kc7
65.Re8 Re1 66.Kf7 Kd7 67.e6+ Kd6 68.Rd8+ Kc7 69.e7  1-0

[Event "TCh-BEL 2008-9"]
[Site "Belgium BEL"]
[Date "2008.11.23"]
[Round "4"]
[White "Chabanon,JL"]
[Black "Van der Stricht,G"]
[Result "0-1"]
[WhiteElo "2454"]
[BlackElo "2380"]

1.d4 d5 2.c4 c6 3.Nf3 Nf6 4.Nc3 dxc4 5.a4 Bf5 6.e3 e6 7.Bxc4 Bb4 8.O-O O-O
9.Qe2 Bg6 10.Ne5 Nbd7 11.Nxg6 hxg6 12.Rd1 Qa5 13.Na2 Bd6 14.e4 e5 15.f4 exd4
16.e5 Rae8 17.Qf1 Nxe5 18.b4 Qc7 19.fxe5 Bxe5 20.g3 d3 21.Rb1 Bd4+ 22.Kh1 Ng4
23.Rxd3 Nf2+ 24.Kg2 Nxd3 25.Qxd3 c5 26.b5 Qe5 27.Bf4 Qh5 28.Rf1 Rd8 29.Qc2 Bf6
30.Nc1 Rd7 31.Nb3 b6 32.h3 Bg5 33.g4 Qh6 34.Bg3 Rfd8 35.Qe4 Re7 36.Qf3 Bf6
37.Bf4 g5 38.Bc1 Qg6 39.Qf5 Qxf5 40.Rxf5 Re4 41.Bf1 Rxa4 42.Nd2 Bb2 43.Nb3 Bxc1
44.Nxc1 Rd2+ 45.Rf2 Rxf2+ 46.Kxf2 Rb4 47.Ke3 c4 48.Na2 Rxb5 49.Bxc4 Rb2 50.Nc3 Rc2
51.Kd4 Kf8 52.Nb5 a6 53.Bd3 Rc1 54.Nc3 b5 55.Be4 g6 56.Bb7 b4 57.Na4 a5 58.Bd5 Kg7
59.Bc4 f5 60.Nc5 Rc3 61.Bd3 Kf6 62.Nd7+ Ke7 63.Nc5 f4 64.Ne4 Rc1 65.Nxg5 a4
66.Ne4 a3 67.Nd2 a2 68.Nb3 Rb1  0-1

[Event "38th Olympiad"]
[Site "Dresden GER"]
[Date "2008.11.23"]
[Round "10"]
[White "Petrosian,TL"]
[Black "Vuckovic,Bo"]
[Result "1/2-1/2"]
[WhiteElo "2629"]
[BlackElo "2561"]

1.d4 d5 2.c4 c6 3.Nf3 Nf6 4.Nc3 dxc4 5.a4 Bf5 6.Ne5 e6 7.f3 Bb4 8.e4 Bxe4
9.fxe4 Nxe4 10.Bd2 Qxd4 11.Nxe4 Qxe4+ 12.Qe2 Bxd2+ 13.Kxd2 Qd5+ 14.Kc2 Na6
15.Nxc4 O-O 16.Qe5 Rfd8 17.Be2 f6 18.Qxd5 cxd5 19.Na5 Rdc8+ 20.Kb1 Nc5 21.b4 Ne4
22.Kb2 Nd6 23.Rac1 Kf7 24.g4 g6 25.Bf3 f5 26.g5 h6 27.h4 hxg5 28.hxg5 Kg7
29.Rhe1 Nf7 30.Rxe6 Nxg5 31.Re3 Rxc1 32.Kxc1 Rc8+ 33.Kd2 b6 34.Nb3 Nxf3+
35.Rxf3 Rc4 36.b5 Rxa4 37.Rd3 Rb4 38.Nd4 Kf6 39.Ke3 g5 40.Ra3 f4+ 41.Kd3 g4
42.Rxa7 g3 43.Ra8 Kg5 44.Nf3+ Kg4 45.Ne1 Rb3+ 46.Ke2 d4 47.Rg8+ Kf5 48.Rf8+ Ke4
49.Re8+ Kd5 50.Nf3 Rb2+ 51.Kd3 Rb3+ 52.Ke2 Re3+ 53.Rxe3 dxe3 54.Ne1 Ke4 55.Nf3 Kf5
56.Kf1 Ke4 57.Ke2 g2 58.Ng1 Kd4 59.Kf3 Kc4 60.Kxf4 Kxb5 61.Kxe3 Kc4 62.Kf2 b5
63.Ne2 b4 64.Nc1 b3 65.Nxb3 Kxb3 66.Kxg2  1/2-1/2

[Event "38th Olympiad"]
[Site "Dresden GER"]
[Date "2008.11.23"]
[Round "10"]
[White "Lukey,S"]
[Black "Yilmaz,M"]
[Result "0-1"]
[WhiteElo "2271"]
[BlackElo "2387"]

1.d4 d5 2.c4 c6 3.Nf3 Nf6 4.Nc3 dxc4 5.a4 Bf5 6.e3 e6 7.Bxc4 Bb4 8.O-O O-O
9.Nh4 Nbd7 10.Nxf5 exf5 11.Qc2 g6 12.f3 Rc8 13.Qb3 Qb6 14.Kh1 Ba5 15.Qa2 c5
16.Rd1 Kg7 17.Nb5 a6 18.dxc5 Nxc5 19.b4 Bxb4 20.Nd4 Nxa4 21.Qxa4 Rxc4 22.Rb1 Qc5
23.Qa2 Kg8 24.Qf2 b5 25.Qg3 Rc8 26.Bb2 Bc3 27.Bxc3 Rxc3 28.Qg5 Kg7 29.h4 h6
30.Qg3 Rc7 31.Ra1 Ra7 32.Qb8 Qc7 33.Qxc7 Rcxc7 34.Ra5 b4 35.Rda1 Rab7 36.Rxa6 b3
37.Rb1 b2 38.Rc6 Rxc6 39.Nxc6 Nd5  0-1

[Event "UTD Invitational GM"]
[Site "Richardson USA"]
[Date "2008.11.26"]
[Round "1"]
[White "Kuljasevic,D"]
[Black "Bartholomew,J"]
[Result "1/2-1/2"]
[WhiteElo "2521"]
[BlackElo "2453"]

1.d4 d5 2.c4 c6 3.Nf3 Nf6 4.Nc3 dxc4 5.a4 Bf5 6.Ne5 Nbd7 7.Nxc4 Nb6 8.Ne5 a5
9.g3 e6 10.Bg2 Bb4 11.O-O O-O 12.e3 h6 13.Qe2 Bh7 14.Rd1 Qe7 15.Nd3 Nfd7
16.e4 e5 17.dxe5 Nxe5 18.Nxe5 Qxe5 19.Be3 Bc5 20.Rac1 Bxe3 21.Qxe3 Nc4 22.Qd4 Qxd4
23.Rxd4 Nb6 24.Rcd1 Rac8 25.b3 Rfe8 26.b4 c5 27.bxc5 Rxc5 28.Nb5 f6 29.Nd6 Re7
30.Bf1 Bg6 31.Bb5 Kh7 32.f3 h5 33.Kf2 Rec7 34.Ke3 Rc3+ 35.R4d3 Rc2 36.R1d2 Rc1
37.h4 Ra1 38.Rd4 Ra3+ 39.R2d3 Ra2 40.Kf4 Rac2 41.Rb3 R2c5 42.Bd3 R5c6 43.Nb5 Rd7
44.Rxd7 Nxd7 45.Nd4 Rd6 46.Nb5 Rc6 47.Nd4 Rd6 48.Nb5 Rc6  1/2-1/2

[Event "UTD Invitational GM"]
[Site "Richardson USA"]
[Date "2008.11.27"]
[Round "3"]
[White "Zivanic,M"]
[Black "Bartholomew,J"]
[Result "1-0"]
[WhiteElo "2465"]
[BlackElo "2453"]

1.d4 d5 2.c4 c6 3.Nf3 Nf6 4.Nc3 dxc4 5.a4 Bf5 6.Nh4 Bg4 7.h3 Bh5 8.g4 Bg6
9.Bg2 e6 10.g5 Nd5 11.e4 Nb4 12.O-O e5 13.d5 Bc5 14.Qg4 O-O 15.Nxg6 hxg6
16.h4 Nd3 17.Be3 Na6 18.h5 gxh5 19.Qxh5 Qd6 20.Bh3 g6 21.Qh4 Rae8 22.Kg2 f5
23.Rh1 Bxe3 24.fxe3 Rf7 25.Bxf5 Kf8 26.Be6 Rf2+ 27.Kg3 Nac5 28.Raf1 Rxf1
29.Rxf1+ Ke7 30.Rf6  1-0

[Event "21st Belgrade Trophy"]
[Site "Obrenovac SRB"]
[Date "2008.11.29"]
[Round "3"]
[White "Damjanovic,D"]
[Black "Adamovic,S"]
[Result "1-0"]
[WhiteElo "2229"]
[BlackElo "2025"]

1.d4 d5 2.c4 c6 3.Nf3 Nf6 4.Nc3 dxc4 5.a4 Bf5 6.e3 e6 7.Bxc4 Bb4 8.O-O O-O
9.Qe2 Nbd7 10.e4 Bg4 11.Rd1 Qe7 12.e5 Nd5 13.Ne4 h6 14.h3 Bh5 15.Bd3 c5 16.Ng3 Bg6
17.Bxg6 fxg6 18.Qe4 Qf7 19.Qe2 cxd4 20.Rxd4 Nc5 21.Qc2 Rac8 22.Rc4 Rc7 23.a5 Rfc8
24.Nd4 Na6 25.Rxc7 Rxc7 26.Qe2 Bxa5 27.Nb5 Rc5 28.Ne4 Bb6 29.Nbd6 Qe7 30.Nxc5 Nxc5
31.Nc8 Qc7 32.Nxb6 Qxb6 33.Be3 a5 34.Rc1 Qa6 35.Qf3 b6 36.Bxc5 bxc5 37.Rxc5 a4
38.Qg4 a3 39.bxa3  1-0

[Event "21st Belgrade Trophy"]
[Site "Obrenovac SRB"]
[Date "2008.11.30"]
[Round "4"]
[White "Sredojevic,I"]
[Black "Rajcevic,S"]
[Result "1/2-1/2"]
[WhiteElo "2396"]
[BlackElo "2176"]

1.d4 d5 2.c4 c6 3.Nf3 Nf6 4.Nc3 dxc4 5.a4 Bf5 6.e3 e6 7.Bxc4 Bb4 8.O-O O-O
9.Qb3 Qe7 10.h3 a5 11.Nh4 Nbd7 12.f3 Nh5 13.Nxf5 exf5 14.Ne2 Rad8 15.Qc2 Nb6
16.Bd3 g6 17.e4 fxe4 18.fxe4 c5 19.Bh6 Ng7 20.Rf2 cxd4 21.Raf1 Rd6 22.Ng3 Re6
23.Qb3 Bd6 24.Qxb6 Bxg3 25.Qxd4 Be5 26.Qe3 Qb4 27.Qe2 Bd4 28.Be3 Qb6 29.Bxd4 Qxd4
30.Kh2 Qe5+ 31.g3 Nh5 32.Qe3 Rf6 33.Rg2  1/2-1/2

[Event "Snowdrops vs Old-hands"]
[Site "Marianske Lazne CZE"]
[Date "2008.12.01"]
[Round "3"]
[White "Cmilyte,V"]
[Black "Hort,V"]
[Result "1-0"]
[WhiteElo "2512"]
[BlackElo "2478"]

1.d4 d5 2.c4 c6 3.Nf3 Nf6 4.Nc3 dxc4 5.a4 Bf5 6.Ne5 Na6 7.e3 Nb4 8.Bxc4 e6
9.O-O h6 10.Qf3 Bh7 11.Qh3 Qc8 12.f4 Nbd5 13.Bd2 Be7 14.g4 Nd7 15.Nxf7 Kxf7
16.f5 N7f6 17.e4 Rd8 18.exd5 exd5 19.Bd3 Bd6 20.Rae1 Re8 21.Re6 Rxe6 22.fxe6+ Kg8
23.Rxf6 gxf6 24.Bxh7+ Kxh7 25.Qxh6+ Kg8 26.Qg6+ Kh8 27.Qxf6+  1-0

[Event "III Open"]
[Site "Palma de Mallorca ESP"]
[Date "2008.12.08"]
[Round "3"]
[White "Roig Squar,J"]
[Black "Zalba Esteban,P"]
[Result "1-0"]
[WhiteElo "2081"]
[BlackElo "1989"]

1.d4 d5 2.c4 c6 3.Nc3 Nf6 4.Nf3 dxc4 5.a4 Bf5 6.e3 e6 7.Bxc4 Bb4 8.O-O Nbd7
9.Qe2 Qc7 10.e4 Bg4 11.e5 Nd5 12.Ne4 O-O 13.h3 Bh5 14.Bg5 f6 15.exf6 gxf6
16.Bh6 Rfe8 17.Rac1 Rad8 18.Rfd1 Bf8 19.Bxf8 Kxf8 20.g3 Re7 21.Kf1 a5 22.Ned2 Kg7
23.Bxd5  1-0

[Event "III Open"]
[Site "Palma de Mallorca ESP"]
[Date "2008.12.09"]
[Round "4"]
[White "Asis Gargatagli,H"]
[Black "Sundararajan,K"]
[Result "1/2-1/2"]
[WhiteElo "2408"]
[BlackElo "2501"]

1.d4 d5 2.c4 c6 3.Nf3 Nf6 4.Nc3 dxc4 5.a4 Bf5 6.Ne5 Nbd7 7.Nxc4 Nb6 8.Ne5 a5
9.Rg1 Nfd7 10.g4 Bg6 11.Nxd7 Nxd7 12.f4 e6 13.e4 f5 14.Qb3 fxe4 15.Be3 Be7
16.O-O-O Nf6 17.f5 exf5 18.d5 Bf7 19.gxf5 O-O 20.Bh6 Ne8 21.Qxb7 cxd5 22.Bb5 Nd6
23.Rxg7+ Kh8 24.Qd7 Qxd7 25.Bxd7 Bf6 26.Rgg1 Rfd8 27.Bc6 Rac8 28.Bxd5 Nxf5
29.Bxf7 Rxd1+ 30.Kxd1 Nxh6 31.Be6 Re8 32.Bh3 e3 33.Ke2 Rb8 34.Nb5 Bxb2  1/2-1/2

[Event "1st Copa PDV Sur"]
[Site "Buenos Aires ARG"]
[Date "2008.12.10"]
[Round "8"]
[White "Mayorga,N"]
[Black "Goldwaser,C"]
[Result "1-0"]
[WhiteElo "2274"]
[BlackElo "2397"]

1.d4 d5 2.c4 c6 3.Nf3 Nf6 4.Nc3 dxc4 5.a4 Bf5 6.Ne5 Nbd7 7.Nxc4 Nb6 8.Ne5 a5
9.f3 Nfd7 10.Nxd7 Nxd7 11.e4 Bg6 12.f4 e6 13.Bd3 Nf6 14.Be3 Bb4 15.Qf3 O-O
16.O-O c5 17.Nb5 Qe7 18.Bf2 c4 19.Bc2 Bh5 20.Qh3 Bg4 21.Qe3 Nd7 22.h3 Bh5
23.g4 Bg6 24.f5 exf5 25.exf5 Qxe3 26.Bxe3 Rae8 27.Rf3 Nb6 28.Nc3 Re7 29.Rd1 Rfe8
30.Bf2 Bxc3 31.Rxc3 Nd5 32.Rxc4 Nf4 33.d5 Nxh3+ 34.Kg2 Nxf2 35.Kxf2 Re2+
36.Kf3 Bxf5 37.gxf5 g5 38.fxg6 R8e3+ 39.Kf4 hxg6 40.Re4 g5+ 41.Ke5 f6+ 42.Kd4 Rxe4+
43.Bxe4 Kf7 44.b3 Ke7 45.Bd3 Re5 46.Kc5 f5 47.Rh1 g4 48.Kd4  1-0

[Event "III Open"]
[Site "Palma de Mallorca ESP"]
[Date "2008.12.11"]
[Round "6"]
[White "Neubauer,M"]
[Black "Sundararajan,K"]
[Result "1/2-1/2"]
[WhiteElo "2422"]
[BlackElo "2501"]

1.d4 d5 2.Nf3 Nf6 3.c4 c6 4.Nc3 dxc4 5.a4 Bf5 6.Ne5 Nbd7 7.Nxc4 Nb6 8.Ne5 a5
9.g3 e6 10.Bg2 Bb4 11.O-O O-O 12.e3 h6 13.Qe2 Bh7 14.Rd1 Nfd7 15.Nd3 Qe7
16.e4 Rfd8 17.Bf4 Nf6 18.h3 Rd7 19.Ne5 Rdd8 20.g4 Nfd7 21.Nd3 f6 22.Bc7 Rdc8
23.Bf3 e5 24.dxe5 fxe5 25.Nxb4 axb4 26.Bd6  1/2-1/2

[Event "15th Croatian Open A"]
[Site "Zadar CRO"]
[Date "2008.12.14"]
[Round "1"]
[White "Feletar,D"]
[Black "Rusev,K"]
[Result "0-1"]
[WhiteElo "2374"]
[BlackElo "2541"]

1.d4 Nf6 2.Nf3 d5 3.c4 c6 4.Nc3 dxc4 5.a4 Bf5 6.e3 e6 7.Bxc4 Bb4 8.O-O O-O
9.Qe2 Nbd7 10.e4 Bg4 11.e5 Nd5 12.Nxd5 cxd5 13.Bd3 f5 14.h3 Bxf3 15.Qxf3 Nb8
16.g4 f4 17.Rd1 Nc6 18.Bb1 Rf7 19.Kg2 g6 20.b3 Rc8 21.Bb2 a6 22.Bd3 Kf8 23.Rh1 Qh4
24.Rac1 Ke8 25.Rc2 Kd7 26.Rhc1 Rff8 27.Rh1 Kc7 28.Bb5 h5 29.Bxc6 bxc6 30.Bc3 Be7
31.Ba5+ Kd7 32.b4 Qg5 33.Rc3 Rh8 34.Rhc1 hxg4 35.Qxg4 f3+ 36.Kg3 Qxg4+ 37.Kxg4 Rh4+
38.Kxf3 Rxd4 39.b5 c5 40.Bb6 Rxa4 41.Bxc5 axb5 42.Bxe7 Rxc3+ 43.Rxc3 Kxe7
44.Rc7+ Ke8 45.Kg3 g5 46.Rg7 Re4 47.Rxg5 b4 48.Rg8+ Kf7 49.Rb8 Rxe5 50.Rxb4 Re1
51.Rf4+ Kg6 52.Rf8 e5 53.f3 d4 54.Kf2 Ra1 55.Ke2  0-1

[Event "15th Croatian Open A"]
[Site "Zadar CRO"]
[Date "2008.12.16"]
[Round "4"]
[White "Lalic,B"]
[Black "Jakovljevic,Vlado"]
[Result "1/2-1/2"]
[WhiteElo "2531"]
[BlackElo "2446"]

1.d4 d5 2.c4 c6 3.Nf3 Nf6 4.Nc3 dxc4 5.a4 Bf5 6.Ne5 Nbd7 7.Nxc4 Nb6 8.Ne5 a5
9.g3 e6 10.Bg2 Bb4 11.O-O h6 12.e3 O-O 13.Qe2 Bh7 14.Rd1 Nbd7 15.Nxd7 Nxd7
16.e4 Qe7 17.Be3 e5 18.d5 Nf6 19.Rac1 Rfc8 20.dxc6 Rxc6 21.Nd5 Nxd5 22.exd5 Rxc1
23.Rxc1 Bf5 24.Bb6 Rc8 25.Rxc8+ Bxc8 26.Qc4 Bf5 27.b3 e4 28.h3 h5 29.h4 Kf8
30.Qb5 Qd7 31.Qxd7 Bxd7 32.Bxe4 Ke7 33.Bc7 b5 34.Bc2 bxa4 35.bxa4 Bg4 36.d6+ Kd7
37.Kg2 Be6 38.Kf3 g6 39.Bd3 Bd5+ 40.Ke3 Bc5+ 41.Ke2 Bb4 42.Bb5+ Bc6 43.Bxc6+ Kxc6
44.Kd3 Be1 45.Ke2  1/2-1/2

[Event "Masters"]
[Site "Berkeley USA"]
[Date "2008.12.20"]
[Round "7"]
[White "Sarkar,J"]
[Black "Bhat,V"]
[Result "1/2-1/2"]
[WhiteElo "2451"]
[BlackElo "2498"]

1.d4 d5 2.c4 c6 3.Nf3 Nf6 4.Nc3 dxc4 5.a4 Bf5 6.Ne5 Nbd7 7.Nxc4 Nb6 8.Ne5 a5
9.f3 Nfd7 10.Nxd7 Nxd7 11.e4 Bg6 12.f4 e6 13.Bc4 Nb6 14.Be2 Bb4 15.O-O f6
16.Be3 Bxc3 17.bxc3 Bxe4 18.c4 O-O 19.Qb3 Nd7 20.c5 Re8 21.Bc4 Bd5 22.f5 Bxc4
23.Qxc4 Nf8 24.Bf4 b5 25.cxb6 Qxb6 26.Bd6 Qa6 27.Qxa6 Rxa6 28.Rfe1 Kf7 29.Rab1 Ra7
30.Bxf8 Kxf8 31.fxe6 Ke7 32.Rb6 Kd6 33.Rc1 Rc8 34.Rc5 Kxe6 35.d5+ Kd6 36.Rcxc6+ Rxc6
37.dxc6 Kc7 38.Rb5 Kxc6 39.h4 Kd6 40.Kf2 Ke6 41.Kf3  1/2-1/2

[Event "8th Amplico AIG Life Rapid"]
[Site "Warsaw POL"]
[Date "2008.12.20"]
[Round "4"]
[White "Jankovic,A"]
[Black "Staniszewski,Pi"]
[Result "1-0"]
[WhiteElo "2548"]
[BlackElo "2384"]

1.d4 Nf6 2.Nf3 d5 3.c4 c6 4.Nc3 dxc4 5.a4 Bf5 6.Nh4 Bc8 7.e3 e5 8.Bxc4 exd4
9.exd4 Be7 10.O-O O-O 11.h3 Nd5 12.Nf3 Be6 13.Bd3 Nb4 14.Bb1 Nd7 15.Re1 Re8
16.a5 Nf6 17.Bg5 h6 18.Bf4 c5 19.Be5 Nc6 20.Nb5 cxd4 21.Bc7 Qd7 22.Bg3 Bb4
23.Re2 Bc4 24.Rxe8+ Rxe8 25.Nbxd4 Nxd4 26.Qxd4 Re1+ 27.Kh2 Qxd4 28.Nxd4 Ne4
29.Nc2 Nxg3 30.fxg3 Rxb1 31.Rxb1 Bd3 32.Rc1 Bxa5 33.Ne3 g6 34.Kg1 Bb6 35.Kf2 Be4
36.g4 Bxe3+ 37.Kxe3 Bxg2 38.h4 g5 39.hxg5 hxg5 40.Rc5 f6 41.Rc7 a5 42.Rc8+ Kf7
43.Ra8 Bc6 44.Rxa5 Bd7 45.Ra7 Bc6 46.Ra8 Ke6 47.Kd4 f5 48.gxf5+ Kxf5 49.Rf8+ Kg4
50.Ke3 Kh3 51.Rg8 g4 52.Kf4 Bf3 53.b4 Kg2 54.b5 Kf2 55.b6 Ke2 56.Rd8 Ke1
57.Ke3 Bc6 58.Rg8 Bf3 59.Rd8 Bc6 60.Kf4 Bf3 61.Ke3 Bc6 62.Ra8 Kd1 63.Rd8+ Ke1
64.Rc8 g3 65.Rxc6 bxc6 66.Kf3  1-0

[Event "8th Amplico AIG Life Rapid"]
[Site "Warsaw POL"]
[Date "2008.12.20"]
[Round "4"]
[White "Czerwonski,A"]
[Black "Mastrovasilis,D"]
[Result "0-1"]
[WhiteElo "2391"]
[BlackElo "2572"]

1.d4 d5 2.c4 c6 3.Nf3 Nf6 4.Nc3 dxc4 5.a4 Bf5 6.e3 e6 7.Bxc4 Bb4 8.Nh4 Bg4
9.Qb3 a5 10.h3 Bh5 11.g4 Nd5 12.Nf3 Bg6 13.Bd2 Nd7 14.Nxd5 exd5 15.Bd3 Qf6
16.Ke2 Be4 17.Bxe4 dxe4 18.Ng1 O-O 19.Bxb4 axb4 20.Kf1 c5 21.Ne2 Qa6 22.Qd5 Rad8
23.Re1 Rfe8 24.Kg2 cxd4 25.Nxd4 Ne5 26.Qb5 Qf6 27.Qxb7 Rxd4 28.exd4 Qf3+
29.Kg1 Nd3 30.Rf1 Nf4  0-1

[Event "8th Amplico AIG Life Rapid"]
[Site "Warsaw POL"]
[Date "2008.12.20"]
[Round "5"]
[White "Stangl,M"]
[Black "Miton,K"]
[Result "1/2-1/2"]
[WhiteElo "2458"]
[BlackElo "2604"]

1.Nf3 Nf6 2.c4 c6 3.d4 d5 4.Nc3 dxc4 5.a4 Bf5 6.e3 e6 7.Bxc4 Nbd7 8.a5 Bd6
9.O-O O-O 10.Qe2 Ne4 11.Bd3 Nxc3 12.bxc3 Bg4 13.Ba3 c5 14.Rfb1 Rb8 15.e4 e5
16.h3 Bxf3 17.Qxf3 Qc7 18.Bb2 c4 19.Be2 b5 20.axb6 axb6 21.dxe5 Nxe5 22.Qf5 b5
23.Bc1 g6 24.Qf6 Nd7 25.Qg5 Be5 26.Ra3 Nc5 27.Qe3 Na4 28.Bd1 Nc5 29.f4 Bd6
30.e5 Be7 31.Kh2 Rfd8 32.Bc2 Nd3 33.Ra7 Qc5 34.Bd2 Bf8 35.Ra5 Qc6 36.Bd1 Bc5
37.Qf3 Nxe5 38.fxe5 Qxf3 39.Bxf3 Rxd2 40.Rbxb5 Rxb5 41.Rxb5 Be3 42.Bd5 Bf4+
43.Kg1 Bxe5 44.Bxc4 Bxc3 45.Rd5 Bd4+ 46.Kf1 Rf2+ 47.Ke1 Rf4 48.Ke2 Bb6 49.Kd3 Kg7
50.Rd6 Bc5 51.Rd7 h5 52.Rc7 Bb6 53.Rb7 Bg1 54.Rb1 Bc5 55.Rb5 Be7 56.Rb6 Rf2
57.Bd5 Rf4 58.Ke3 Rf5 59.Ke4 Bf6 60.Rb7 Bg5 61.Rd7 Rf6 62.Kd3 Bf4 63.Ke4 g5
64.Bc4 Bg3 65.Bd5 Rf4+ 66.Ke3 Bf2+ 67.Ke2 Bc5 68.Kd3 Kg6 69.Ke2 Rf2+ 70.Kd3 Rf4
71.Ke2 g4 72.hxg4 hxg4 73.Rc7 Bg1 74.Rc1 Bd4 75.Rc4 Rf2+ 76.Ke1 Rf4 77.Ke2 g3
78.Kd3 Be5 79.Rxf4 Bxf4 80.Ke4  1/2-1/2

[Event "Open"]
[Site "Pamplona ESP"]
[Date "2008.12.26"]
[Round "5"]
[White "Ignacz,R"]
[Black "Ros Octavio de Toledo,E"]
[Result "1-0"]
[WhiteElo "2061"]
[BlackElo "2198"]

1.d4 d5 2.c4 c6 3.Nc3 Nf6 4.Nf3 dxc4 5.a4 Bf5 6.e3 e6 7.Bxc4 Bb4 8.O-O O-O
9.Bd3 Bg6 10.Qc2 c5 11.Bxg6 hxg6 12.Ne4 Nbd7 13.Nxf6+ Nxf6 14.Bd2 Bxd2 15.Qxd2 Rc8
16.Rac1 Qe7 17.dxc5 Rxc5 18.Rxc5 Qxc5 19.Rc1 Qe7 20.Qc2 Rd8 21.h3 Nd5 22.Qc5 Qxc5
23.Rxc5 Nb6 24.a5 Rd5 25.Rc7 Rxa5 26.Rxb7 f6 27.Nd4 Ra1+ 28.Kh2 Ra2 29.Nxe6 Rxb2
30.Rxg7+ Kh8 31.Rxa7 Rxf2 32.Kg3 Rf5 33.Nf4 Rg5+ 34.Kf3 Nc4 35.Ra8+ Kh7 36.Rf8 Ne5+
37.Kf2 Nc4 38.Rxf6 Re5 39.Re6 Rf5 40.Ke2 g5 41.Nd3 Kg7 42.Rc6 Na5 43.Rc5 Rxc5
44.Nxc5 Kf6 45.Kf3 Nc4 46.Nd3 Nd2+ 47.Ke2 Ne4 48.Nf2 Nd6 49.Kf3 Nf5 50.g3 Nh6
51.Ng4+  1-0